Score 0/44 Timer 06:00
1 Play Today
% Correct
Italy
80.3%
Spain
77.4%
Turkey
75.5%
France
75.4%
Iceland
75.3%
Sweden
75.1%
Finland
75%
Cyprus
74.9%
Poland
72.6%
Norway
72.6%
Malta
72.3%
Germany
72.1%
Russia
69.5%
Luxembourg
68.8%
Denmark
64.3%
Moldova
63.5%
Ireland
63.2%
Portugal
62.9%
Bosnia and Herzegovina
61.8%
Latvia
61.5%
United Kingdom
60.5%
Switzerland
60.1%
% Correct
Slovakia
59.5%
Czechia
59.2%
Ukraine
59.1%
Austria
57.8%
Monaco
57.6%
Belgium
57.6%
Belarus
56.8%
Netherlands
55.3%
Hungary
54.8%
Serbia
53.3%
Romania
53.1%
Croatia
49.7%
Bulgaria
48.9%
Lithuania
48.7%
Estonia
45.6%
Slovenia
45.4%
North Macedonia
42%
Liechtenstein
41.5%
Andorra
41.4%
Vatican City
40.8%
Montenegro
37%
San Marino
33.6%
Remove Ads.
Support Sporcle.
Get the best of Sporcle when you Go Orange. This ad-free experience offers more features, more stats, and more fun while also helping to support Sporcle. Thank you for becoming a member.

You're not logged in!

Compare scores with friends on all Sporcle quizzes.
OR
Log In

Sporcle TV

Today on Sporcle TV


Watch our educational content, quiz creation guides, and fun videos on Sporcle TV.

Show Comments

Extras

Top Quizzes Today


Score Distribution

Paid Content

Your Account Isn't Verified!

In order to create a playlist on Sporcle, you need to verify the email address you used during registration. Go to your Sporcle Settings to finish the process.

Report this User

Report this user for behavior that violates our Community Guidelines.

Details: